L' histoire du droit entre philosophie et histoire des idées.

Salvato in:
Dettagli Bibliografici
Autore principale: Dufour, Alfred (autor)
Natura: Libro
Pubblicazione: Bruxelles, Belgique: Zurich, Suisse: Bruylant; Schulthess, 2003
Serie:Recueil d'études.
Soggetti:
Tags: Aggiungi Tag
Nessun Tag, puoi essere il primo ad aggiungerne!!

MARC

LEADER 00000nam a22000007a 4500
003 CL-VaPUC
005 20220822114701.0
008 220721t2003 ||||| |||| 00| 0 eng d
999 |c 437362  |d 437360 
020 |a 2 8027 1849 5 
040 |c Pontificia Universidad Católica de Valparaíso 
082 7 |a 340.09 DUF 2003  |2 22 
100 1 |a Dufour, Alfred  |e autor  |9 873545 
245 1 3 |a L' histoire du droit entre philosophie et histoire des idées. 
260 |a Bruxelles, Belgique:  |b Bruylant;  |a Zurich, Suisse:  |b Schulthess,   |c 2003 
300 |a 665 páginas.  
490 |a Recueil d'études.  
500 |a c.1 Donación Familia Prof. Alejandro Guzmán Brito. 
583 |c 20220721  |k Cristina María Rojas Aguilar 
650 |a Derecho   |x Historia   |9 866193 
650 |a Derecho   |x Filosofía   |9 866192 
942 |2 ddc  |c BK  |n 0 
952 |0 0  |1 0  |2 ddc  |4 0  |6 340_090000000000000_DUF_2003  |7 1  |8 C_AGB  |9 585126  |a BIBDER  |b BIBDER  |d 2022-07-21  |e Donación   |i 5653162  |o 340.09 DUF 2003  |p 5653162  |r 2023-01-25  |t 1  |w 2022-07-21  |y BK_US  |k AGB